| 000 | 00730nam a2200205 a 4500 | ||
|---|---|---|---|
| 005 | 20140412111401.0 | ||
| 008 | 060406s19uu xx 00 eng d | ||
| 020 | _a0-689-87723-4 | ||
| 050 |
_aER _bCh47 2005 |
||
| 245 |
_aChuckie's ghost / _cby Adam Beechen ; illustrated by Artful Doodlers. |
||
| 260 |
_aNew York : _bSimon Spotlight/Nickelodeon, _c2005. |
||
| 300 | _a32 p. ; ill. | ||
| 440 | _aReady-to-Read, Level 2 | ||
| 520 | _aAll the kids wear a costumes to school on Holloween except for Chuck, who is afraid that the new boy he met in the hallway is really ghost. | ||
| 650 |
_aBashfulness _xFiction |
||
| 650 |
_aFear _xFiction |
||
| 650 |
_aHalloween _xFiction |
||
| 650 |
_aSchools _xFiction |
||
| 999 |
_c105460 _d105460 |
||